| 000 | 01641nas a2200277Ia 4500 | ||
|---|---|---|---|
| 001 | R050-S3055 | ||
| 003 | IT-CnALBA | ||
| 008 | 170116c99999999xx |||||||||||| ||und|| | ||
| 040 |
_aIT-CnALBA _cIT-CnALBA |
||
| 041 | _aITALIANO | ||
| 100 | _aFALSINI RINALDO, OFM. | ||
| 210 | _aRIVISTA DI PASTORALE LITURGICA | ||
| 222 | _aRIVISTA DI PASTORALE LITURGICA | ||
| 245 | 0 | _aRIVISTA DI PASTORALE LITURGICA. MAGGIO 1974. ORGANO CAL. COMUNIONE FUROI DELLA MESSA. | |
| 250 | _a1a ed. | ||
| 260 |
_a BRESCIA _bQUERINIANA EDIT. LIBR. VESC. _c1974 [1° Ed.:1974 - Ed.Ling.Originale: 1974] |
||
| 300 | _a69 p. | ||
| 310 | _aBIMESTRALE | ||
| 362 | _aFascicolo: 64 / Anno: 11 (1974) | ||
| 500 | _aLODI E. MARENGO A. ARDUSSO PR. GANDELLI M. RAINOLDO F. ORDINAMENTO CULTO MARIANO. NUOVO RITO E MINISTRO COMUNIONE FUORI MESSA. COMUNIONE E PARTECIPAZIONE LA SACRIFICIO. COMUNIONE INFERMI. IL PRESIDENTE DELLA CELEBRAZIONE. DIRETTORIO MESSE FANCIULLI. AVVICINAMENTO FANCIULLI ALL'EUCARISTIA. CANTO E MUSICA NELLA MESSA DEI FANCIULLI. RECENSIONI. LETTERE ALLA DIREZIONE. | ||
| 501 | _aSocietà San Paolo EM - Piazza San Paolo, 14 - 12051 ALBA (CN) (non commercial uses only) ® Copyright 2017 | ||
| 520 | _aLODI E. MARENGO A. ARDUSSO PR. GANDELLI M. RAINOLDO F. ORDINAMENTO CULTO MARIANO. NUOVO RITO E MINISTRO COMUNIONE FUORI MESSA. COMUNIONE E PARTECIPAZIONE LA SACRIFICIO. COMUNIONE INFERMI. IL PRESIDENTE DELLA CELEBRAZIONE. DIRETTORIO MESSE FANCIULLI. AVVICINAMENTO FANCIULLI ALL'EUCARISTIA. CANTO E MUSICA NELLA MESSA DEI FANCIULLI. RECENSIONI. LETTERE ALLA DIREZIONE. | ||
| 650 | _aTEOLOGIA PASTORALE | ||
| 942 | _cCR | ||
| 957 | _71 | ||
| 999 |
_a64945 _bNO _g1 _c331641 _d331641 |
||